000 00952nam a2200277 i 4500
005 20210818182328.0
008 181107s2006 gw ao gr 000 0 spa d
020 _a9783822853009
040 _aCOMFC
_bspa
_erda
041 _aspa
_hger
100 1 _aBauer, Hermann,
_d1929-
_eaut
245 1 0 _aBarroco /
_cHermann Bauer, Andreas Prater ; traduccinó José María García Pelegrín
250 _aIngo F. Walther (ed.).
264 0 1 _aKöln :
_bTaschen GmbH ,
_c2006
300 _a96 páginas :
_bilustraciones, fotografías ;
_c26 cm.
336 _2rdacontent
_atxt
337 _2rdamedia
_an
338 _2rdacarrier
_anc
700 1 _aPrater, Andreas.
_eaut
700 1 _aWalther, Ingo F,
_d1940-,
_eedt
700 1 _aGarcía Pelegrín, José María
_d1958-,
_etrl
_955392
082 0 4 _a709.032
_bB344b
650 4 _aArte barroco.
650 4 _aPintura barroca.
942 _2ddc
_h709.032 B344b
_k709.032
_mB344b
999 _c15612
_d15612